GÖLGELERİN EFENDİSİ 4 (Record no. 708397)
[ view plain ]
| 000 -LEADER | |
|---|---|
| sabit uzunluktaki kontrol alanı | 00255nam a2200097Ia 4500 |
| 001 - KONTROL NUMARASI | |
| kontrol alanı | 708397 |
| 005 - EN SON İŞLEMİN TARİH VE ZAMANI | |
| kontrol alanı | 20251201100507.0 |
| 008 - SABİT-UZUNLUKTA VERİ ÖĞELERİ--GENEL BİLGİ | |
| sabit uzunluktaki kontrol alanı | 250824s9999 xx 000 0 und d |
| 245 #0 - ESER / YAZAR | |
| ESER ADI | GÖLGELERİN EFENDİSİ 4 |
| Yazar Adı | JOHN FLANAGAN |
| 260 ## - YAYIN, DAĞITIM, VB. | |
| YAYIN EVİ | BEYAZ BALİNA YAYINLARI |
| Düşüm durumu | Kayıp durumu | Sınıflandırma Kaynağı veya raf şeması | Hasar Durumu | Ödünç verilmez | Ana kütüphane | Geçerli Kütüphane | Edinilen tarih | Toplam ödünç verme sayısı | Tam yer numarası | Barkod | İade tarihi | Son görüntüleme tarihi | Son ödünç verme tarihi | Fiyatın geçerli olmaya başladığı tarih | Koha materyal türü |
|---|---|---|---|---|---|---|---|---|---|---|---|---|---|---|---|
| Dewey Ondalık Sınıflama | CAHİT ZARİFOĞLU İLKOKULU | CAHİT ZARİFOĞLU İLKOKULU | 24.08.2025 | 1 | A-4 | 10271439 | 28.02.2026 | 13.02.2026 | 13.02.2026 | 26.08.2025 | Books |